| 000 | 00623nam a22001697a 4500 | ||
|---|---|---|---|
| 020 | _qHard Cover. | ||
| 082 | _a200 | ||
| 100 | _aMehmood, Kashif | ||
| 245 |
_aSampled-data back stepping controller for gyroscope with control design based on approximate discrete-time model / _cKashif Mehmood. |
||
| 260 |
_aIslamabad: _bCEME - NUST, _c2013. |
||
| 300 |
_a68 p. : _bill. ; _c30cm. |
||
| 650 |
_aElectrical Engineering MS-Thesis. _916073 |
||
| 700 |
_aDr. Fahad Mumtaz _931529 |
||
| 856 | _uhttp://10.250.8.41:8080/xmlui/handle/123456789/20150 | ||
| 942 |
_2ddc _cTHE |
||
| 999 |
_c536393 _d536393 |
||